00465nam a2200145Ia 4500008004100000020001800041050002500059100001800084245008600102260005600188300002100244500002000265521000900285650002500294140527s9999 xx 000 0 und d a9781412903493 aHF 1379b.M526 2011  aMenipaz, Ehud aInternational business :btheory and practice /cEhud Menipaz, Amit Menipaz. aThousand Oaks, CA :bSAGE Publications Inc,cc2011. a649 p. :c23 cm. aIncludes index. aBSBA aInternational trade